| 000 | 04198cam a2200349 a 4500 | ||
|---|---|---|---|
| 999 |
_c48170 _d48170 |
||
| 001 | 17990620 | ||
| 003 | Nust | ||
| 005 | 20170111115255.0 | ||
| 008 | 140108s2014 nyu 000 j eng d | ||
| 010 | _a 2014930344 | ||
| 015 |
_aGBB483920 _2bnb |
||
| 016 | 7 |
_a016821678 _2Uk |
|
| 020 | _a9788172454067 (pbk) | ||
| 035 | _a(OCoLC)ocn875741826 | ||
| 040 |
_aYDXCP _beng _cYDXCP _dBTCTA _dBDX _dUKMGB _dZQP _dOI6 _dOCLCO _dIHI _dDLC |
||
| 042 | _alccopycat | ||
| 050 | 0 | 0 |
_aPR1309.H6 _bH66 2014 |
| 082 | 0 | 4 |
_a823 _bGRE |
| 100 | _aAl Sarrantonio and Martin H. Greenberg. | ||
| 245 | 0 | 0 |
_a50 Horror stories / _cAl Sarrantonio and Martin H. Greenberg. |
| 260 |
_aNew Delhi : _bGoodwill publishing, |
||
| 300 |
_axlii, 255 pages ; _c23 cm |
||
| 500 | _aIncludes chronology and explanatory notes. | ||
| 520 | _aThe modern horror story grew and developed across the nineteenth century, embracing categories as diverse as ghost stories, supernatural and psychological horror, medical and scientific horrors, colonial horror, and tales of mystery and premonition. This anthology brings together 29 of the greatest horror stories of the period from 1816 to 1912, from the British, Irish, American, and European traditions. It ranges widely across the sub-genres to encompass authors whose terror-inducing powers remain unsurpassed. The book includes stories by some of the best writers of the century-- Hoffmann, Poe, Balzac, Dickens, Hawthorne, Melville, Zola--as well as established genre classics such as M. R. James, Arthur Machen, Bram Stoker, Algernon Blackwood, Charlotte Perkins Gilman and others. It includes rare and little known pieces by writers such as William Maginn, Francis Marion Crawford, W. F. Harvey, and William Hope Hodgson, and shows the important role played by periodicals in popularizing the horror story. Wherever possible stories are reprinted in their first published form, with background information about their authors and helpful, contextualizing annotation. Darryl Jones's lively introduction discusses horror's literary evolution and its articulation of cultural preoccupations and anxieties. These are stories guaranteed to freeze the blood, revolt the senses, and keep you awake at night: prepare to be terrified! | ||
| 650 | 0 | _aHorror tales, English. | |
| 906 |
_a7 _bcbc _ccopycat _d2 _encip _f20 _gy-gencatlg |
||
| 942 |
_2ddc _cBK |
||